New Zealand meat and wool.

Bibliographic Details
Previous Title:Meat and wool
Format: Journal
Language:English
Published: Auckland, N.Z. : Jason.
Subjects:

MARC

Tag First Indicator Second Indicator Subfields
LEADER 00000cas a2200000 4500
001 in00000083077
005 20151008055553.0
008 800422c19729999nz mr p 0uuua0eng d
035 |a (OCoLC)06229743 
035 |9 AAJ3813AM 
040 |a TXA  |c TXA  |d UtOrBLW 
049 |a TXAE 
090 |a SF105  |b .N4 
245 0 0 |a New Zealand meat and wool. 
264 1 |a Auckland, N.Z. :  |b Jason. 
300 |a  volumes :  |b illustrations  |a monthly. 
336 |a text  |b txt  |2 rdacontent 
337 |a unmediated  |b n  |2 rdamedia 
338 |a volume  |b nc  |2 rdacarrier 
362 0 |a Dec. 1972- 
580 |a A continuation of Meat and wool published for 192?-1970 in Wellington, N.Z. 
650 0 |a Livestock  |v Periodicals. 
650 0 |a Meat industry and trade  |z New Zealand  |x Periodicals. 
650 0 |a Wool industry  |z New Zealand  |x Periodicals. 
780 1 0 |t Meat and wool 
999 |a MARS 
999 f f |s 76dd75e5-6849-391a-8435-b67c3d5099a6  |i d425ca31-6003-3330-84ac-21fd17cd58c9  |t 0 
952 f f |p ric  |a Texas A&M University  |b Rellis Campus  |c Joint Library Facility  |d Remote Storage  |t 0  |e SF105 .N4  |h Library of Congress classification  |i unmediated -- volume  |l 1973  |m A14841141715 
952 f f |p ric  |a Texas A&M University  |b Rellis Campus  |c Joint Library Facility  |d Remote Storage  |t 0  |e SF105 .N4  |h Library of Congress classification  |i unmediated -- volume  |l 1977  |m A14841137821 
952 f f |p ric  |a Texas A&M University  |b Rellis Campus  |c Joint Library Facility  |d Remote Storage  |t 0  |e SF105 .N4  |h Library of Congress classification  |i unmediated -- volume  |l 1979:Apr.-Dec.  |m A14829617075 
952 f f |p ric  |a Texas A&M University  |b Rellis Campus  |c Joint Library Facility  |d Remote Storage  |t 0  |e SF105 .N4  |h Library of Congress classification  |i unmediated -- volume  |l 1976  |m A14841137813 
952 f f |p ric  |a Texas A&M University  |b Rellis Campus  |c Joint Library Facility  |d Remote Storage  |t 0  |e SF105 .N4  |h Library of Congress classification  |i unmediated -- volume  |l 1979:Feb.-Mar.  |m A14829617156 
952 f f |p ric  |a Texas A&M University  |b Rellis Campus  |c Joint Library Facility  |d Remote Storage  |t 0  |e SF105 .N4  |h Library of Congress classification  |i unmediated -- volume  |l 1981:Jan.-Mar.  |m A14841137847 
952 f f |p ric  |a Texas A&M University  |b Rellis Campus  |c Joint Library Facility  |d Remote Storage  |t 0  |e SF105 .N4  |h Library of Congress classification  |i unmediated -- volume  |l 1980  |m A14829617114 
952 f f |p ric  |a Texas A&M University  |b Rellis Campus  |c Joint Library Facility  |d Remote Storage  |t 0  |e SF105 .N4  |h Library of Congress classification  |i unmediated -- volume  |l 1978  |m A14841137839 
952 f f |p ric  |a Texas A&M University  |b Rellis Campus  |c Joint Library Facility  |d Remote Storage  |t 0  |e SF105 .N4  |h Library of Congress classification  |i unmediated -- volume  |l 1974  |m A14841141676 
952 f f |p ric  |a Texas A&M University  |b Rellis Campus  |c Joint Library Facility  |d Remote Storage  |t 0  |e SF105 .N4  |h Library of Congress classification  |i unmediated -- volume  |l 1975  |m A14841141684 
952 f f |p ric  |a Texas A&M University  |b Rellis Campus  |c Joint Library Facility  |d Remote Storage  |t 0  |e SF105 .N4  |h Library of Congress classification  |i unmediated -- volume  |l 1972:Dec.  |m A14841141723 
998 f f |a SF105 .N4  |s 1981:Jan.-Mar.  |t 0  |l Remote Storage